000 00593nam a2200205Ia 4500
005 20250923145442.0
008 008 250917s9999 xx 000 0 eng d
037 _aTextual
040 _aDSWL
_beng
_cDSWL
041 _aeng
_2eng
084 _aX:9721.2, N77
_qDSWL
100 _aPanicker, P.T.K.
_9835468
245 0 _aEmployee Participation in Share Capital
_c by P.T.K. . Panicker
260 _aMadras
_bMadras School of Social Work
_c1977
300 _a67 p.
365 _aINR
_b10
925 _g10
942 _cTEXL
_hX:9721.2, N77
999 _c1451519
_d1451519